[Event "It (open)"]
[Site "masterchessopen.com Oberwart (Austria)"]
[Date "2011.07.09"]
[Round "1"]
[White "Huber Martin Christian (AUT)"]
[Black "Hera Imre Jr (HUN)"]
[Result "0-1"]
[WhiteElo "2133"]
[BlackElo "2533"]

1.d4 Nf6 2.c4 e6 3.Nc3 Bb4 4.Qc2 c5 5.dxc5 O-O 6.Nf3 Na6 7.a3 Bxc3+ 8.Qxc3
Nxc5 9.e3 b6 10.Be2 Ba6 11.O-O d5 12.Rd1 Qc7 13.b3 Nce4 14.Qe5 Qxe5 15.Nxe5
Nc3 16.Re1 Nxe2+ 17.Rxe2 Rac8 18.Rc2 Ne4 19.Bb2 f6 20.Nd3 dxc4 21.Nb4 cxb3
22.Rxc8 Bxc8 23.Nc6 Bd7 24.Nd4 Nc5 {#R} 0-1

[Event "It (open)"]
[Site "masterchessopen.com Tabor (Czech Republic)"]
[Date "2011.08.05"]
[Round "7"]
[White "Simecek Bohumil (CZE)"]
[Black "Kulhanek Tomas (CZE)"]
[Result "0-1"]
[WhiteElo "2133"]
[BlackElo "2371"]

1.d4 Nf6 2.c4 e6 3.Nc3 Bb4 4.Qc2 c5 5.dxc5 O-O 6.Nf3 Na6 7.a3 Bxc3+ 8.Qxc3
Nxc5 9.b4 Nce4 10.Qd4 d6 11.Bb2 e5 12.Qd1 Ng4 13.Nxe5 Ngxf2 {#R} 0-1

[Event "Ch Southern California"]
[Site "masterchessopen.com Beverly Hills (USA)"]
[Date "2011.08.14"]
[Round "3"]
[White "Gutman Joshua (USA)"]
[Black "Peters John A (USA)"]
[Result "1-0"]
[WhiteElo "2107"]
[BlackElo "2377"]

1.d4 Nf6 2.c4 e6 3.Nc3 Bb4 4.Qc2 c5 5.dxc5 O-O 6.Bf4 Bxc5 7.e3 Nh5 8.Bg3 Nc6
9.Be2 Nxg3 10.hxg3 g6 11.Nf3 b6 12.Rd1 a6 13.a3 Be7 14.Qd2 d6 15.e4 Bf6 16.Qh6
Re8 17.e5 Nxe5 18.Ne4 Nxf3+ 19.Bxf3 d5 20.Kf1 Bxb2 21.cxd5 exd5 22.Ng5 Qe7
23.Kg1 Bb7 24.Rxd5 Bg7 25.Qxh7+ Kf8 26.Qh4 Bxd5 27.Bxd5 Rad8 28.Bxf7 Rd1+
29.Kh2 Rxh1+ 30.Kxh1 Qe1+ 31.Kh2 Re5 32.Bxg6 Qxf2 33.Ne6+ {#r} 1-0

[Event "It (open)"]
[Site "masterchessopen.com Roosendaal (Netherlands)"]
[Date "2011.08.19"]
[Round "1"]
[White "Stork Ornett J (NED)"]
[Black "Sprenger Jan Michael (GER)"]
[Result "0-1"]
[WhiteElo "2117"]
[BlackElo "2515"]

1.d4 Nf6 2.c4 e6 3.Nc3 Bb4 4.Qc2 c5 5.dxc5 O-O 6.Nf3 Na6 7.a3 Bxc3+ 8.Qxc3
Nxc5 9.b4 Nce4 10.Qb3 Ng4 11.Be3 a5 12.Rd1 axb4 13.axb4 b5 14.cxb5 Bb7 15.h3
Nxe3 16.Qxe3 Qe7 17.Qb3 Bd5 18.Qb2 Ra2 19.Qd4 Rc8 20.Ne5 Rc4 {#R} 0-1

[Event "Ch Serbia (team Premier)"]
[Site "masterchessopen.com Valjevo (Serbia)"]
[Date "2011.09.06"]
[Round "11"]
[White "Radovanovic Nikola"]
[Black "Roganovic Milos (SRB)"]
[Result "0-1"]
[WhiteElo "2096"]
[BlackElo "2476"]

1.d4 Nf6 2.c4 e6 3.Nc3 Bb4 4.Qc2 c5 5.dxc5 O-O 6.a3 Bxc5 7.b4 Be7 8.Nf3 a5
9.b5 d5 10.e3 Nbd7 11.cxd5 exd5 12.Be2 Nb6 13.O-O Bg4 14.a4 Rc8 15.Qb3 Ne4
16.Nxe4 dxe4 17.Nd4 Bxe2 18.Nxe2 Bf6 19.Rb1 Qd3 20.Qxd3 exd3 21.Nf4 Nxa4
22.Nxd3 Nc3 23.Rb2 a4 24.Kh1 Rfd8 25.Nf4 a3 26.Rb3 a2 27.Bb2 Nd1 28.Bxf6 gxf6
29.Ra3 Ra8 30.Rxa8 Rxa8 {#R} 0-1

[Event "It (open) \"]
[Site "masterchessopen.com Nuernberg (Germany)"]
[Date "2011.09.11"]
[Round "6"]
[White "Fedorovsky Michael (UKR)"]
[Black "Kunin Vitaly (GER)"]
[Result "1-0"]
[WhiteElo "2336"]
[BlackElo "2581"]

1.d4 Nf6 2.c4 e6 3.Nc3 Bb4 4.Qc2 c5 5.dxc5 O-O 6.Nf3 Na6 7.g3 Nxc5 8.Bg2 Nce4
9.Bd2 Nxd2 10.Nxd2 d5 11.a3 Bxc3 12.Qxc3 d4 13.Qd3 e5 14.O-O Bd7 15.f4 Ng4
16.fxe5 Ne3 17.Rf4 Nxg2 18.Kxg2 Qe7 19.Qxd4 Rad8 20.Qe3 Rfe8 21.Nf3 f6 22.Rd4
fxe5 23.Rd5 e4 24.Ne5 Bh3+ 25.Kxh3 Rxd5 26.cxd5 Qxe5 27.Rd1 Qxb2 28.d6 Qe5
29.Qb3+ Kh8 30.Qf7 e3 31.Rd5 Qe4 32.d7 Rd8 33.Rc5 Qa4 34.Rc8 {#r} 1-0

[Event "Ch Slovakia (team) 2011/12 (1 liga) East"]
[Site "masterchessopen.com Slovakia"]
[Date "2011.10.16"]
[Round "2"]
[White "Toma Rudolf (SVK)"]
[Black "Dujava Daniel_ (SVK)"]
[Result "1-0"]
[WhiteElo "2083"]
[BlackElo "1889"]

1.d4 Nf6 2.c4 e6 3.Nc3 Bb4 4.Qc2 c5 5.dxc5 O-O 6.e3 Na6 7.a3 Bxc3+ 8.Qxc3 Nxc5
9.b4 Nce4 10.Qc2 d5 11.c5 e5 12.Bd3 Qc7 13.h4 a5 14.Bb2 axb4 15.axb4 Rxa1+
16.Bxa1 b6 17.c6 Re8 18.Nf3 Qd6 19.O-O Re6 20.b5 Nc5 21.Bf5 Re8 22.Bxc8 Rxc8
23.Bxe5 Qe6 24.Bd4 Nfe4 25.Ra1 h6 26.Ra7 f6 27.Nd2 f5 28.Nxe4 fxe4 29.Rxg7+
{#r} 1-0

[Event "Ch Belgrade (team) (qual. liga)"]
[Site "masterchessopen.com Belgrade (Serbia)"]
[Date "2011.10.30"]
[Round "6"]
[White "Vlatkovic Sinisa (SRB)"]
[Black "Glisic Predrag"]
[Result "1-0"]
[WhiteElo "2318"]
[BlackElo "2170"]

1.d4 Nf6 2.c4 e6 3.Nc3 Bb4 4.Qc2 c5 5.dxc5 O-O 6.Nf3 Na6 7.a3 Bxc3+ 8.Qxc3
Nxc5 9.b4 Nce4 10.Qd4 d6 11.Ng5 e5 12.Qd3 Bf5 13.f3 Ng3 14.e4 Nxh1 15.exf5 b5
16.cxb5 h6 17.Ne4 d5 18.Nc5 e4 19.Qd4 exf3 20.gxf3 Re8+ 21.Kd1 Qe7 22.Bd2 Rad8
23.Rc1 Ne4 24.fxe4 dxe4 25.Qe3 Nf2+ 26.Ke2 Nd3 27.Rc4 Qh4 28.Bg2 Qxh2 29.Kf1
Nxc5 30.bxc5 Rd3 31.Qe2 Red8 32.Be1 e3 33.Rg4 {#r} 1-0

[Event "Ch Hungary (team) 2011/12"]
[Site "masterchessopen.com Hungary"]
[Date "2011.11.27"]
[Round "4"]
[White "Szabo Bence (HUN)"]
[Black "Szitas Gabor (HUN)"]
[Result "1-0"]
[WhiteElo "2333"]
[BlackElo "2200"]

1.d4 Nf6 2.c4 e6 3.Nc3 Bb4 4.Qc2 c5 5.dxc5 O-O 6.Nf3 Nc6 7.Bf4 Bxc5 8.Rd1 e5
9.Bg5 Nd4 10.Qd2 d5 11.Bxf6 gxf6 12.Nxd5 Be6 13.Nxd4 exd4 14.Nf4 Bxc4 15.Rc1
b5 16.Nh5 Kh8 17.b3 Qd6 18.Qh6 Rg8 19.bxc4 Bb4+ 20.Kd1 Rg6 21.Qf4 Qc5 22.g4
bxc4 23.Bg2 Rd8 24.Be4 d3 25.Bxg6 dxe2+ 26.Kxe2 Rd2+ 27.Kf1 {#r} 1-0

[Event "It (open)"]
[Site "masterchessopen.com Marseilles (France)"]
[Date "2011.12.26"]
[Round "1"]
[White "Nikolov Momchil (BUL)"]
[Black "Tatinian William (FRA)"]
[Result "1-0"]
[WhiteElo "2570"]
[BlackElo "1774"]

1.d4 Nf6 2.c4 e6 3.Nc3 Bb4 4.Qc2 c5 5.dxc5 O-O 6.a3 Bxc3+ 7.Qxc3 Ne4 8.Qc2 f5
9.g3 a5 10.Bg2 Nxc5 11.b3 Nc6 12.Nf3 b6 13.O-O Bb7 14.Rd1 Qc7 15.Bb2 a4 16.b4
Nb3 17.Rab1 d6 18.e3 e5 19.Nd2 Nxd2 20.Rxd2 e4 21.Rbd1 Rfd8 22.Bh3 Ne5 23.Bxe5
dxe5 24.Bxf5 Rd3 25.Rxd3 exd3 26.Qxd3 Qc6 27.Qd5+ {#r} 1-0

[Event "Ch Romania (w)"]
[Site "masterchessopen.com Sarata Monteoru (Romania)"]
[Date "2012.02.14"]
[Round "2"]
[White "L'ami Alina (ROM)"]
[Black "Baciu Anca-Otilia (ROM)"]
[Result "1-0"]
[WhiteElo "2360"]
[BlackElo "2129"]

1.d4 Nf6 2.c4 e6 3.Nc3 Bb4 4.Qc2 c5 5.dxc5 O-O 6.a3 Bxc5 7.Nf3 b6 8.Bf4 Bb7
9.Rd1 Nc6 10.e3 Nh5 11.Bg3 Rc8 12.Be2 Be7 13.Qd3 Nf6 14.e4 Na5 15.e5 Ne8
16.Qxd7 Nc7 17.O-O Qe8 18.b4 Nc6 19.Nb5 {#r} 1-0

[Event "It \"]
[Site "masterchessopen.com Berlin (Germany)"]
[Date "2012.07.07"]
[Round "1"]
[White "Heldt Ronny (GER)"]
[Black "Lehmann Klaus (GER)"]
[Result "0-1"]
[WhiteElo "1760"]
[BlackElo "2348"]

1.d4 Nf6 2.c4 e6 3.Nc3 Bb4 4.Qc2 c5 5.dxc5 O-O 6.Nf3 Na6 7.a3 Bxc3+ 8.Qxc3
Nxc5 9.b4 Nce4 10.Qc2 d5 11.e3 Ng4 12.h3 Ngxf2 13.Rg1 Qf6 14.Bb2 Qh6 15.Qb3 a5
16.Bd4 axb4 17.Qxb4 e5 18.Nxe5 dxc4 19.Bxc4 Be6 20.Be2 Qh4 21.Nf3 Qg3 22.Qb5
Nxh3+ {#R} 0-1

[Event "It (open)"]
[Site "masterchessopen.com Avoine (France)"]
[Date "2012.07.25"]
[Round "5"]
[White "Leriche Ines (FRA)"]
[Black "Deslias Gregoire (FRA)"]
[Result "0-1"]
[WhiteElo "1679"]
[BlackElo "2075"]

1.d4 Nf6 2.c4 e6 3.Nc3 Bb4 4.Qc2 c5 5.dxc5 O-O 6.Nf3 Qc7 7.a3 Bxc5 8.e3 b6
9.Be2 Bb7 10.O-O a6 11.b4 Be7 12.Bb2 d6 13.Rac1 Nbd7 14.Nd4 Rac8 15.Nb1 Qb8
16.Nd2 Qa8 17.Bf3 d5 18.Qb1 Ne5 19.cxd5 Nxf3+ 20.N4xf3 Nxd5 21.Bd4 Rxc1
22.Rxc1 a5 23.bxa5 Bxa3 24.Ng5 g6 25.Rc4 Qxa5 26.Nde4 Be7 27.h4 h5 28.Nxe6
fxe6 29.Nf6+ Kf7 30.Ne4 Rc8 31.Rxc8 Bxc8 32.Qa1 Qxa1+ 33.Bxa1 Ba6 {#R} 0-1

[Event "It (open)"]
[Site "masterchessopen.com Dresden (Germany)"]
[Date "2012.08.24"]
[Round "7"]
[White "Sbarra Marco (ITA)"]
[Black "Kaiser Dieter (GER)"]
[Result "0-1"]
[WhiteElo "2271"]
[BlackElo "2256"]

1.d4 Nf6 2.c4 e6 3.Nc3 Bb4 4.Qc2 c5 5.dxc5 O-O 6.Bf4 Na6 7.a3 Bxc3+ 8.Qxc3 Ne4
9.Qc1 Naxc5 10.Qc2 e5 11.Be3 d5 12.cxd5 Bf5 13.Bxc5 Rc8 14.b4 Rxc5 15.Qb2 Qb6
16.e3 Rfc8 17.Bd3 Rxd5 18.Bxe4 Bxe4 19.Nf3 Rc2 20.Qb3 Qb5 {#R} 0-1